| 000 | 00355nam a2200133 a 4500 | ||
|---|---|---|---|
| 005 | 20140513081052.0 | ||
| 008 | 030203s19uu xx 00 eng d | ||
| 050 |
_aP 530.4 _bSTA 2000 |
||
| 245 | _aStates of the matter: solid, liquid, gas. | ||
| 260 |
_c2000. _aFrank Schaffer Pub. Inc, |
||
| 300 | _aPoster | ||
| 650 | _aScience--Poster | ||
| 999 |
_c116357 _d116357 |
||